Paula / (Registro nro. 2373)

Detalles MARC
000 -LEADER
fixed length control field 01033nam a2200205 a 4500
008 - CAMPO DE CONTROL (LIBRO)
fixed length control field 161215t2013 ag |||g |||| 00| f spa d
020 ## - INTERNATIONAL STANDARD BOOK NUMBER
ISBN 9789500744492
041 ## - CODIGO DE IDIOMA
Código de idioma del texto/pista de sonido o título separado spa
092 ## - SIGNATURA TOPOGRAFICA DEWEY LOCAL
número de clasificación 863
libristica 3
sección ALL
100 1# - ENTRADA PRINCIPAL--NOMBRE PERSONAL
Nombre personal Allende, Isabel
9 (RLIN) 3210
245 ## - TITULO PROPIAMENTE DICHO
Título Paula /
Mención de responsabilidad y remanente de la transcripción de la portada Isabel Allende
250 ## - MENCION DE EDICION
Mención de edición 1a ed.
260 ## - PIE DE IMPRENTA
Lugar de publicación, distribución, etc Buenos Aires:
Nombre de la editorial, distribuidor, etc Sudamericana;
Fecha de publicación 2013.
300 ## - DESCRIPCION FISICA
Extension 368 p.
Dimensiones 19x13 cm.
500 ## - NOTA GENERAL
Nota general Allende, I. (2013). Paula. (1a ed.). Buenos Aires : Sudamericana.
505 ## - NOTA DE CONTENIDO
Nota de contenido formateada Paula es el libro más conmovedor, más personal y más íntimo de Isabel Allende. Junto al lecho en que agonizaba su hija Paula, la gran narradora chilena escribió la historia de su familia y de si misma con el propósito de regalársela a Paula cuando ésta superara el dramático trance. El resultado se convirtió en un autorretrato de insólita emotividad y en una exquisita recreación de la sensibilidad de las mujeres de nuestra época.
590 ## - NOTAS LOCALES (RLIN)
Nota local Proyecto 4to libro. Donación Ariadna Navarro..
655 ## - MATERIA - GENERO/FORMA
Género/Forma Novela
-- 3091
942 ## - ADDED ENTRY ELEMENTS (KOHA)
Source of classification or shelving scheme Dewey Decimal Classification
Item type LITERATURA
Existencias
Estado de retiro Existencia Fuente de clasificación Estado general No para prestamo Colección Ubicación permanente ubicación actual Sala de ubicación Fecha de adquisición Fuente de adquisición Total Checkouts Total Renewals Número de clasificación Código de barras Date last seen Date last borrowed Número de ejemplar Price effective from Koha tipo de elemento (item) Public note Coded location qualifier
    Dewey Decimal Classification     Fiction Biblioteca Medicina Biblioteca Medicina Circulación 02/03/2017 Donacion Adriana Navarro, Marzo 2017 5 8 863 3 ALL 3835 17/03/2021 25/11/2019 Ej.1 02/03/2017 LITERATURA Proyecto el 4to libro. Donación Navarro Adriana  
    Dewey Decimal Classification       Biblioteca Medicina Biblioteca Medicina Circulación 22/09/2025 Donación Guerra, Valeria. Septiembre 2025.     863 3 ALL 5110 22/09/2025   Ej. 2 22/09/2025 LITERATURA Donación Guerra, Valeria. Septiembre 2025. Sede Tordos.  

UNIVERSIDAD NACIONAL DEL COMAHUE
Biblioteca de la Facultad de Ciencias Médicas
Sede Toschi: Los Arrayanes y Av. Toschi, Cipolletti  - Rio Negro
Sede Los Tordos:  Yrigoyen al 2211, Cipolletti - Rio Negro 

Teléfono: 0299 - 4774707 int 25
Contacto: biblioteca@facimed.uncoma.edu.ar
© 2011 - 2026